Research Methodology (Record no. 24800)

MARC details
000 -LEADER
fixed length control field 00349nam a22001457a 4500
003 - CONTROL NUMBER IDENTIFIER
control field SGT
020 ## - INTERNATIONAL STANDARD BOOK NUMBER
International Standard Book Number 9789386649225
082 ## - DEWEY DECIMAL CLASSIFICATION NUMBER
Classification number 001.42
Item number R22K
100 ## - MAIN ENTRY--PERSONAL NAME
Personal name Kothari, C. R.
245 ## - TITLE STATEMENT
Title Research Methodology
Remainder of title Methods & Techniques
260 ## - PUBLICATION, DISTRIBUTION, ETC. (IMPRINT)
Name of publisher, distributor, etc New Age International Publishers
Year of Publication 2022
300 ## - PAGE DESCRIPTION
No. of Pages 458
650 ## - SUBJECT ADDED ENTRY--TOPICAL TERM
Topical term or geographic name as entry element Research
942 ## - ADDED ENTRY ELEMENTS (KOHA)
Source of classification or shelving scheme Dewey Decimal Classification
Koha item type Books
942 ## - ADDED ENTRY ELEMENTS (KOHA)
-- 7
Holdings
Withdrawn status Lost status Source of classification or shelving scheme Damaged status Not for loan Home library Current library Shelving location Date acquired Vendor Name SGTU Bill Number Total Checkouts Full call number Accession No. (Barcode) Date last seen Bill Date Koha item type Date last borrowed
    Dewey Decimal Classification     SGT Dental Library SGT Dental Library Text Book 19/08/2023 Ahuja Book Co. Pvt. Ltd. SGTU 16974   001.42 R22K FD9120 19/08/2023   Books  
    Dewey Decimal Classification     SGT Dental Library SGT Dental Library Text Book 19/08/2023 Ahuja Book Co. Pvt. Ltd. SGTU 16974 1 001.42 R22K FD9121 04/04/2024   Books 05/03/2024
    Dewey Decimal Classification     SGT Dental Library SGT Dental Library Text Book 19/08/2023 Ahuja Book Co. Pvt. Ltd. SGTU 16974 5 001.42 R22K FD9122 25/03/2025   Books 25/03/2025
    Dewey Decimal Classification     SGT Dental Library SGT Dental Library Text Book 19/08/2023 Ahuja Book Co. Pvt. Ltd. SGTU 16974 1 001.42 R22K FD9123 30/05/2024   Books 30/05/2024
    Dewey Decimal Classification     SGT Dental Library SGT Dental Library Text Book 19/08/2023 Ahuja Book Co. Pvt. Ltd. SGTU 16974   001.42 R22K FD9124 19/08/2023   Books